000
00241nam a2200097Ia 4500
001
683567
005
20250826161441.0
008
250824s9999 xx 000 0 und d
245
0
_a
ÇILDIRTAN SESLER
_c
NİCK ARNOLD
260
_b
TİMAŞ YAYINLARI
999
_c
683567
_d
683567